000 00648nam a2200241 i 4500
001 C2-0114128
003 PPAK
005 20180727104528.0
008 970706s1993 enka|||| ||||| | eng d
020 _a1855322978
040 _aPPAK
_beng
_cPPAK
_erda
082 0 4 _a358.183
_223
090 0 0 _a358.183
_bPER
_dR
100 1 _aPerrett, Bryan,
_eauthor
245 1 0 _aChurchill infantry tank 1941-1951
264 1 _aLondon :
_bOsprey ,
_c1993
300 _a48 pages :
_billustrations ;
_c25 cm
336 _2rdacontent
_atext
337 _2rdamedia
_aunmediated
338 _2rdacarrier
_avolume
650 1 0 _aChurchill (Tank)
942 _ddc
_cB
999 _c29050
_d29050